[Event "Bangkok Big Rook op"]
[Site "Bangkok"]
[Date "2024.02.26"]
[Round "7"]
[White "Salvador, Louie"]
[Black "Habla, Jony"]
[Result "0-1"]
[WhiteElo "2143"]
[BlackElo "2186"]
[PlyCount "44"]
[EventDate "2024.02.23"]
[EventType "swiss"]
[EventRounds "7"]
[EventCountry "THA"]
[SourceTitle "CB10_2024"]
[SourceDate "2024.03.06"]
[SourceVersion "1"]
[SourceVersionDate "2024.03.06"]
[SourceQuality "1"]

1. e4 e6 2. d4 d5 3. Nc3 Nf6 4. e5 Nfd7 5. f4 c5 6. Nf3 cxd4 7. Nxd4 Nc6 8. Be3 Nxd4 9. Bxd4 Nb8 10. Qd2 Nc6 11. 0-0-0 Be7 12. Kb1 Bd7 13. Be2 a6 14. Bf3 Nxd4 15. Qxd4 Rc8 16. g4 Rc4 17. Qe3 Bc5 18. Qd2 Qb6 19. Ne4 Rxe4 20. Bxe4 Be3 21. Qd3 Bb5 22. c4 dxe4 0-1

[Event "Bangkok Rooky op"]
[Site "Bangkok"]
[Date "2023.10.22"]
[Round "5"]
[White "Habla, Jony"]
[Black "Nguyen, Thi Minh Oanh"]
[Result "1-0"]
[WhiteElo "2171"]
[BlackElo "1880"]
[PlyCount "63"]
[EventDate "2023.10.20"]
[EventType "swiss"]
[EventRounds "7"]
[EventCountry "THA"]
[SourceTitle "Mega2024 Update 01"]
[Source "Chessbase"]
[SourceDate "2023.11.12"]
[SourceVersion "1"]
[SourceVersionDate "2023.11.12"]
[SourceQuality "1"]

1. d4 e6 2. c4 b6 3. Nf3 Bb7 4. g3 Nf6 5. Bg2 Be7 6. 0-0 0-0 7. Nc3 d5 8. cxd5 Nxd5 9. Nxd5 Bxd5 10. Qc2 Nd7 11. e4 Bb7 12. Rd1 Nf6 13. Ng5 g6 14. h4 Rc8 15. b4 Bxb4 16. Bb2 Re8 17. Rac1 Qe7 18. a3 Ba5 19. e5 Nd5 20. Ne4 Ba8 21. Qe2 Red8 22. h5 Kh8 23. Rc2 c5 24. dxc5 bxc5 25. Nd6 Rc7 26. hxg6 fxg6 27. Bxd5 Bxd5 28. Rxd5 exd5 29. e6+ Kg8 30. Qe5 d4 31. Nf7 Qf8 32. Qh8# 1-0

[Event "Bangkok Rooky op"]
[Site "Bangkok"]
[Date "2023.10.21"]
[Round "3"]
[White "Habla, Jony"]
[Black "Chong, Hao Ern"]
[Result "1-0"]
[WhiteElo "2171"]
[BlackElo "1604"]
[PlyCount "61"]
[EventDate "2023.10.20"]
[EventType "swiss"]
[EventRounds "7"]
[EventCountry "THA"]
[SourceTitle "Mega2024 Update 01"]
[Source "Chessbase"]
[SourceDate "2023.11.12"]
[SourceVersion "1"]
[SourceVersionDate "2023.11.12"]
[SourceQuality "1"]

1. e4 c5 2. c4 Nc6 3. Nc3 g6 4. d3 Bg7 5. g3 d6 6. Bg2 e5 7. Nge2 Nge7 8. 0-0 0-0 9. f4 Rb8 10. Be3 a6 11. Qd2 Nd4 12. Rf2 b5 13. Raf1 bxc4 14. dxc4 Bg4 15. Nc1 Be6 16. b3 exf4 17. gxf4 f5 18. e5 dxe5 19. fxe5 Bxe5 20. Nd3 Bd6 21. Nf4 Bf7 22. Nfd5 Nxd5 23. Nxd5 Bxd5 24. Bxd5+ Kh8 25. Kh1 Be5 26. Rg2 Qd6 27. Bh6 Bg7 28. Bf4 Be5 29. Bxe5+ Qxe5 30. Rxg6 Rf6 31. Rg2 1-0

[Event "Bangkok Big Rook op"]
[Site "Bangkok"]
[Date "2023.05.05"]
[Round "2"]
[White "Wongsawan, Thoetsak"]
[Black "Habla, Jony"]
[Result "1-0"]
[WhiteElo "1857"]
[BlackElo "2257"]
[PlyCount "89"]
[EventDate "2023.05.04"]
[EventType "swiss"]
[EventRounds "7"]
[EventCountry "THA"]
[SourceTitle "CBM 214 Extra"]
[Source "ChessBase"]
[SourceDate "2023.07.31"]
[SourceVersion "1"]
[SourceVersionDate "2023.07.31"]
[SourceQuality "1"]

1. d4 d5 2. Nf3 Nf6 3. Bf4 Bf5 4. e3 e6 5. Bd3 Bg6 6. Ne5 Nbd7 7. Nxg6 hxg6 8. h3 c6 9. 0-0 Nh5 10. Bh2 f5 11. c4 a6 12. Nc3 g5 13. cxd5 cxd5 14. g4 Nhf6 15. gxf5 Qe7 16. Qf3 e5 17. Nxd5 Qd6 18. Nc3 g4 19. Qxb7 Rb8 20. Qxa6 gxh3 21. Qxd6 Bxd6 22. Nb5 Be7 23. dxe5 Ng4 24. e6 Nde5 25. Be2 0-0 26. Bxg4 Rxb5 27. a4 Rb4 28. Bxh3 Nf3+ 29. Kg2 Nh4+ 30. Kh1 Nxf5 31. Bxf5 Rxf5 32. a5 Rh5 33. Kg2 Rg5+ 34. Bg3 Rxb2 35. Rfd1 Bc5 36. Rd8+ Kh7 37. Rd3 Kg6 38. a6 Ba7 39. Kf3 Rf5+ 40. Bf4 Rb8 41. Rd7 Ra8 42. Rg1+ Kf6 43. Rgxg7 Bc5 44. Rdf7+ Kxe6 45. Rxf5 1-0

[Event "Bangkok Blue Chevaliers op"]
[Site "Bangkok"]
[Date "2023.04.16"]
[Round "8"]
[White "Makarov, Nikolay Val"]
[Black "Habla, Jony"]
[Result "1-0"]
[WhiteElo "2223"]
[BlackElo "2252"]
[PlyCount "141"]
[EventDate "2023.04.12"]
[EventType "swiss"]
[EventRounds "9"]
[EventCountry "THA"]
[SourceTitle "EXT 2024"]
[Source "ChessBase"]
[SourceDate "2023.10.10"]
[SourceVersion "1"]
[SourceVersionDate "2023.10.10"]
[SourceQuality "1"]

1. e4 d6 2. d4 Nf6 3. Nc3 c6 4. g3 Qc7 5. Bg2 e5 6. Nf3 Be7 7. 0-0 0-0 8. h3 Re8 9. Bg5 Nbd7 10. Qd2 a5 11. dxe5 dxe5 12. Nh4 a4 13. Nf5 Bf8 14. a3 h6 15. Be3 Nc5 16. Qe2 Kh7 17. Qf3 Ng8 18. Rad1 Be6 19. Bc1 b5 20. h4 Bc4 21. Rfe1 Ne6 22. Ne2 b4 23. Bh3 c5 24. c3 Bb3 25. Rd2 Rad8 26. Ne3 bxa3 27. bxa3 Rxd2 28. Bxd2 Kh8 29. Nd5 Qb7 30. Bg2 Nd8 31. g4 Bxd5 32. exd5 e4 33. Qf5 g6 34. Qf4 Qxd5 35. Ng3 Bd6 36. Qe3 Bxg3 37. fxg3 Qd7 38. g5 Nb7 39. c4 hxg5 40. Bc3+ Kh7 41. hxg5 f6 42. gxf6 Nh6 43. Qf4 Nd6 44. Rd1 Nhf7 45. Bxe4 Qe6 46. Bd5 Qe3+ 47. Qxe3 Rxe3 48. Be1 Rxa3 49. Bf2 g5 50. Bxc5 Rxg3+ 51. Kf2 Rc3 52. Ke2 Kg6 53. Rf1 Ne8 54. Bd4 Rh3 55. c5 a3 56. Kd2 Rh2+ 57. Kd3 g4 58. Re1 Rh3+ 59. Kc4 Rh8 60. Re7 Ng5 61. f7 Nf6 62. Ra7 Rd8 63. Ra6 Ngh7 64. Be6 Kg5 65. Rxa3 Nf8 66. Re3 Kg6 67. c6 Rd6 68. Bxf6 Kxf6 69. Bd5 g3 70. c7 Nd7 71. f8Q+ 1-0

[Event "Bangkok Blue Chevaliers op"]
[Site "Bangkok"]
[Date "2023.04.15"]
[Round "6"]
[White "Sek, Konstantin"]
[Black "Habla, Jony"]
[Result "1-0"]
[WhiteElo "2434"]
[BlackElo "2252"]
[PlyCount "73"]
[EventDate "2023.04.12"]
[EventType "swiss"]
[EventRounds "9"]
[EventCountry "THA"]
[SourceTitle "EXT 2024"]
[Source "ChessBase"]
[SourceDate "2023.10.10"]
[SourceVersion "1"]
[SourceVersionDate "2023.10.10"]
[SourceQuality "1"]

1. e4 e5 2. Nf3 Nc6 3. Nc3 d6 4. d4 a6 5. Bc4 exd4 6. Nxd4 Ne5 7. Be2 Nf6 8. f4 Ng6 9. 0-0 Be7 10. g4 c6 11. g5 Ng8 12. Nf5 Bxf5 13. exf5 Nf8 14. Qd4 f6 15. Re1 Qa5 16. Bh5+ g6 17. gxf6 gxh5 18. fxe7 Nxe7 19. Qxh8 Qxf5 20. Rxe7+ Kxe7 21. Qg7+ Ke8 22. Bd2 Ne6 23. Re1 Kd8 24. Qg2 Kc7 25. Ne4 h6 26. Ng3 Qf7 27. Qe4 Kd7 28. f5 Nc5 29. Qf4 Rg8 30. b4 Na4 31. f6 Qd5 32. c4 Qd3 33. f7 Rf8 34. Qxh6 Qd4+ 35. Kh1 Qh8 36. Qe6+ Kc7 37. Qe7+ 1-0

[Event "Phuket Blue Chevaliers op"]
[Site "Phuket"]
[Date "2022.07.15"]
[Round "8"]
[White "Habla, Jony"]
[Black "Salvador, Louie"]
[Result "1/2-1/2"]
[WhiteElo "2209"]
[BlackElo "2151"]
[PlyCount "46"]
[EventDate "2022.07.11"]
[EventType "swiss"]
[EventRounds "9"]
[EventCountry "THA"]
[SourceTitle "CBM 209 Extra"]
[Source "ChessBase"]
[SourceDate "2022.09.30"]
[SourceVersion "1"]
[SourceVersionDate "2022.09.30"]
[SourceQuality "1"]

1. d4 d5 2. c4 c6 3. cxd5 cxd5 4. Nc3 Nc6 5. Bf4 Nf6 6. e3 Bf5 7. Bd3 Bxd3 8. Qxd3 e6 9. Nf3 Bd6 10. Bxd6 Qxd6 11. 0-0 0-0 12. Rfc1 Rac8 13. h3 h6 14. a3 a6 15. Rc2 Rc7 16. Rac1 Rfc8 17. Na4 Nd7 18. Nc5 Nxc5 19. Rxc5 Ne7 20. Rxc7 Rxc7 21. Rc3 Rxc3 22. Qxc3 Qc6 23. Qxc6 Nxc6 1/2-1/2

[Event "Phuket Blue Chevaliers op"]
[Site "Phuket"]
[Date "2022.07.14"]
[Round "6"]
[White "Habla, Jony"]
[Black "Makarov, Nikolay Val"]
[Result "1-0"]
[WhiteElo "2209"]
[BlackElo "2263"]
[PlyCount "103"]
[EventDate "2022.07.11"]
[EventType "swiss"]
[EventRounds "9"]
[EventCountry "THA"]
[SourceTitle "CBM 209 Extra"]
[Source "ChessBase"]
[SourceDate "2022.09.30"]
[SourceVersion "1"]
[SourceVersionDate "2022.09.30"]
[SourceQuality "1"]

1. d4 d5 2. Nf3 Nf6 3. g3 c5 4. c3 cxd4 5. cxd4 Nc6 6. Bg2 Bf5 7. Nc3 e6 8. 0-0 Be7 9. Nh4 Bg4 10. h3 Bh5 11. Nf3 Nd7 12. Be3 g5 13. Ne1 Bf6 14. Qd2 Rg8 15. Rc1 g4 16. h4 Bg6 17. b3 Qa5 18. Nd3 Be7 19. a3 Qd8 20. Qb2 a6 21. Nf4 Bf5 22. Rfd1 Nb6 23. Nd3 Nd7 24. Bf4 Nb6 25. Nc5 Ra7 26. e3 Bg6 27. a4 h5 28. b4 Nc4 29. Qb3 b6 30. e4 Nxd4 31. Rxd4 bxc5 32. Rdd1 Rb7 33. Nxd5 exd5 34. Rxd5 Qa5 35. Qxc4 Rxb4 36. Qc3 Qxa4 37. Qe5 Qc6 38. Rcd1 f6 39. Qc3 Bxe4 40. Bxe4 Rxe4 41. Bd6 c4 42. Qc2 f5 43. Rc5 Qxd6 44. Rxd6 Bxd6 45. Rxf5 Rd4 46. Qa4+ Ke7 47. Qxa6 Ke6 48. Rxh5 Rb8 49. Rh6+ Ke5 50. Qa5+ Ke4 51. Re6+ Kd3 52. Re3+ 1-0

[Event "Phuket Blue Chevaliers op"]
[Site "Phuket"]
[Date "2022.07.13"]
[Round "5"]
[White "Kulpruethanon, Thanadon"]
[Black "Habla, Jony"]
[Result "1/2-1/2"]
[WhiteElo "2294"]
[BlackElo "2209"]
[PlyCount "120"]
[EventDate "2022.07.11"]
[EventType "swiss"]
[EventRounds "9"]
[EventCountry "THA"]
[SourceTitle "CBM 209 Extra"]
[Source "ChessBase"]
[SourceDate "2022.09.30"]
[SourceVersion "1"]
[SourceVersionDate "2022.09.30"]
[SourceQuality "1"]

1. d4 Nf6 2. c4 e6 3. Nf3 d5 4. g3 Bb4+ 5. Bd2 Be7 6. Bg2 0-0 7. Qc2 c6 8. 0-0 b6 9. Ne5 Bb7 10. cxd5 cxd5 11. Rc1 Ne4 12. Be1 Nd7 13. Nc6 Bxc6 14. Qxc6 Rc8 15. Qxc8 Qxc8 16. Rxc8 Rxc8 17. Nc3 Nxc3 18. Bxc3 b5 19. Rc1 Nb6 20. Bd2 Rxc1+ 21. Bxc1 Kf8 22. e3 Ke8 23. Bf1 a6 24. Bd3 g6 25. Kf1 Kd7 26. Ke2 Kc6 27. b3 a5 28. Bd2 a4 29. f3 Ba3 30. g4 Be7 31. Be1 Na8 32. Bg3 Nb6 33. h4 axb3 34. axb3 b4 35. g5 Bd6 36. Be1 Nc8 37. e4 Na7 38. Ke3 Kb6 39. exd5 exd5 40. f4 Nc6 41. f5 Na5 42. Bc2 Kc6 43. Kf3 Kd7 44. Kg4 Nc6 45. Bf2 Ne7 46. h5 Kc6 47. fxg6 fxg6 48. Be3 Kd7 49. h6 Ke6 50. Bf4 Bxf4 51. Kxf4 Kd6 52. Bd3 Ke6 53. Be2 Nc6 54. Bg4+ Kd6 55. Ke3 Nd8 56. Kf4 Nc6 57. Bf5 Nd8 58. Bg4 Nf7 59. Be2 Nd8 60. Bg4 Nc6 1/2-1/2

[Event "Bangkok Chinese New Year"]
[Site "Bangkok"]
[Date "2022.02.04"]
[Round "7"]
[White "Arunnuntapanich, Tinnakrit"]
[Black "Habla, Jony"]
[Result "0-1"]
[WhiteElo "2159"]
[BlackElo "2208"]
[PlyCount "116"]
[EventDate "2022.02.01"]
[EventType "tourn"]
[EventRounds "7"]
[EventCountry "THA"]
[SourceTitle "CBM 206 Extra"]
[Source "ChessBase"]
[SourceDate "2022.03.31"]
[SourceVersion "1"]
[SourceVersionDate "2022.03.31"]
[SourceQuality "1"]

1. d4 d5 2. c4 c6 3. e3 Nf6 4. Nc3 e6 5. Nf3 Nbd7 6. a3 dxc4 7. Bxc4 b5 8. Bd3 a5 9. 0-0 Bb7 10. e4 b4 11. Na4 Be7 12. Qc2 Qc7 13. Nc5 Nxc5 14. dxc5 bxa3 15. bxa3 Ba6 16. Bxa6 Rxa6 17. Bb2 Qa7 18. Bd4 0-0 19. Rab1 Nd7 20. Rfc1 a4 21. Qc3 Nf6 22. Nd2 Rd8 23. e5 Nd5 24. Qg3 Qd7 25. Ne4 Raa8 26. Nf6+ Nxf6 27. exf6 Bf8 28. fxg7 Qxd4 29. gxf8Q+ Kxf8 30. h4 Qd3 31. Qe5 Qd4 32. Qh5 Qg7 33. Qf3 Rd5 34. Rb4 Qe5 35. Re4 Qb2 36. Rce1 Rf5 37. Qg3 Qd2 38. R4e2 Qd4 39. Re5 Rxe5 40. Rxe5 h6 41. Kh2 Rd8 42. Rh5 Qf6 43. Qe3 Kg7 44. g3 Rd1 45. Re5 Rf1 46. f4 Qd8 47. Qc3 Kg8 48. Re1 Rf2+ 49. Kh3 Qd5 50. Qe5 Qg2+ 51. Kg4 Qf3+ 52. Kh3 Qg2+ 53. Kg4 Rf3 54. Kh5 Qxg3 55. Qb8+ Kh7 56. Qb1+ Rd3 57. Rg1 Qf3+ 58. Rg4 Qd5+ 0-1

[Event "Bangkok Chinese New Year"]
[Site "Bangkok"]
[Date "2022.02.03"]
[Round "6"]
[White "Habla, Jony"]
[Black "Salvador, Louie"]
[Result "0-1"]
[WhiteElo "2208"]
[BlackElo "2151"]
[PlyCount "108"]
[EventDate "2022.02.01"]
[EventType "tourn"]
[EventRounds "7"]
[EventCountry "THA"]
[SourceTitle "CBM 206 Extra"]
[Source "ChessBase"]
[SourceDate "2022.03.31"]
[SourceVersion "1"]
[SourceVersionDate "2022.03.31"]
[SourceQuality "1"]

1. d4 d5 2. c4 c6 3. Nf3 Nf6 4. Nc3 e6 5. Bg5 dxc4 6. e4 b5 7. e5 h6 8. Bh4 g5 9. Nxg5 hxg5 10. Bxg5 Nbd7 11. g3 Bb7 12. Bg2 Qb6 13. exf6 c5 14. d5 0-0-0 15. 0-0 b4 16. Na4 Qa6 17. a3 Bxd5 18. Bxd5 Ne5 19. axb4 Rxd5 20. Qe2 cxb4 21. Bf4 Nd3 22. Be3 Qc6 23. b3 Rdh5 24. h4 Qe4 25. f3 Qg6 26. Qg2 Rg8 27. Bg5 Rxg5 28. hxg5 Qxg5 29. bxc4 Qe3+ 30. Rf2 Nxf2 31. Kf1 Rh8 32. Re1 Rh1+ 33. Qxh1 Qxe1+ 34. Kxe1 Nxh1 35. g4 Bh6 36. Kf1 Bf4 37. Nc5 a5 38. Ke2 Bd6 39. Na4 Ng3+ 40. Kd3 Be5 41. g5 Kd8 42. Nc5 Ke8 43. Kc2 Nf5 44. Kb3 Nd4+ 45. Ka4 Nxf3 46. Ne4 Bf4 47. c5 Nxg5 48. Nf2 Kd7 49. Kxa5 b3 50. Nd3 Bc1 51. Ne5+ Kc7 52. Nc4 Ne4 53. Kb4 b2 54. Na3 Nd2 0-1

[Event "Bangkok Thailand op"]
[Site "Bangkok"]
[Date "2021.12.17"]
[Round "5"]
[White "Portugalera, Ric"]
[Black "Habla, Jony"]
[Result "0-1"]
[WhiteElo "2075"]
[BlackElo "2190"]
[PlyCount "140"]
[EventDate "2021.12.15"]
[EventType "swiss"]
[EventRounds "9"]
[EventCountry "THA"]
[SourceTitle "CBM 206 Extra"]
[Source "ChessBase"]
[SourceDate "2022.03.31"]
[SourceVersion "1"]
[SourceVersionDate "2022.03.31"]
[SourceQuality "1"]

1. d4 Nf6 2. Bf4 d5 3. e3 c5 4. c3 Qb6 5. Qc2 Nc6 6. Nd2 g6 7. h3 Bg7 8. Ngf3 0-0 9. Be2 Bf5 10. Qb3 c4 11. Qxb6 axb6 12. a3 h5 13. Rc1 b5 14. 0-0 Rfe8 15. Rfe1 Nd7 16. Nh4 Be6 17. e4 Nb6 18. Bd1 Na4 19. Bxa4 bxa4 20. Nhf3 f6 21. Re2 Bf7 22. Rce1 Rec8 23. exd5 Bxd5 24. Ne4 b6 25. Nfd2 Ra5 26. Nf1 Rb5 27. f3 Bf8 28. Ne3 Bf7 29. Rd1 Kg7 30. h4 Na5 31. Nf1 Rd8 32. Ne3 Rd7 33. Kf1 Nc6 34. Ke1 e5 35. dxe5 Rxd1+ 36. Kxd1 Nxe5 37. Bxe5 Rxe5 38. Nc2 Be7 39. f4 Rd5+ 40. Nd4 Rd7 41. Nd2 Bd5 42. Ke1 Kf7 43. N2f3 Bc5 44. Rd2 Be4 45. Re2 Bd3 46. Re3 Rd5 47. Kd2 Bf5 48. Kc1 Bg4 49. Re1 Bxf3 50. Nxf3 Rd3 51. Re4 b5 52. Kc2 Bf2 53. Nd4 f5 54. Re5 Bxd4 55. cxd4 Rxd4 56. g3 Rd3 57. Rxb5 Rxg3 58. Rb4 Rg4 59. Rxc4 Rxh4 60. Rxa4 Rg4 61. Rd4 h4 62. b4 h3 63. Rd3 Rg2+ 64. Kc3 h2 65. Rh3 Rg3+ 66. Rxg3 h1Q 67. Rd3 Qc1+ 68. Kb3 Qxf4 69. b5 Qe4 70. Rc3 Qb1+ 0-1

[Event "Bangkok"]
[Site "Bangkok"]
[Date "2021.07.13"]
[Round "3"]
[White "Wiwatanadate, Poompong"]
[Black "Habla, Jony"]
[Result "0-1"]
[WhiteElo "2043"]
[BlackElo "2145"]
[PlyCount "118"]
[EventDate "2021.07.12"]
[EventType "tourn"]
[EventRounds "10"]
[EventCountry "THA"]
[SourceTitle "EXT 2022"]
[Source "ChessBase"]
[SourceDate "2021.10.06"]
[SourceVersion "1"]
[SourceVersionDate "2021.10.06"]
[SourceQuality "1"]

1. d4 d5 2. c4 c6 3. Nc3 Nf6 4. cxd5 cxd5 5. f3 Nc6 6. e4 e6 7. e5 Nd7 8. Be3 Qb6 9. Qd2 Bb4 10. f4 Na5 11. Nf3 Nf8 12. Bd3 Bd7 13. 0-0 Rc8 14. Rac1 Ng6 15. g4 Ne7 16. Qf2 Nc4 17. Nb1 Nxe3 18. Qxe3 Ba5 19. Rxc8+ Bxc8 20. Rf2 Bd7 21. Nc3 a6 22. Ne2 Qxb2 23. Ng3 Qb4 24. f5 g6 25. fxg6 hxg6 26. Qf4 Bb6 27. Ne2 Bc7 28. Qf6 Rf8 29. Ng5 Nf5 30. Nxe6 Bxe6 31. gxf5 gxf5 32. Qg5 Bb6 33. Qf4 Qe1+ 34. Kg2 Rg8+ 35. Ng3 Qc3 36. Bxf5 Qxd4 37. Rf1 Qxf4 38. Rxf4 Bc7 39. Bd3 Bxe5 40. Rb4 Bc8 41. Kf3 Rh8 42. h4 b5 43. Nf5 Bd7 44. Kg4 Rg8+ 45. Kf3 Rh8 46. Kg4 Bf6 47. Kg3 Kd8 48. Kf3 Kc7 49. Ne3 Bc6 50. Kg3 a5 51. Nxd5+ Bxd5 52. Rxb5 Bxh4+ 53. Kf4 Bxa2 54. Rxa5 Be6 55. Be4 Bf2 56. Rb5 Rh4+ 57. Kf3 Bb6 58. Rg5 Kd6 59. Rg2 Rxe4 0-1

[Event "THA-chT op"]
[Site "Bangkok"]
[Date "2020.12.11"]
[Round "3.1"]
[White "Menkinoski, Riste"]
[Black "Habla, Jony"]
[Result "1/2-1/2"]
[WhiteElo "2305"]
[BlackElo "2129"]
[PlyCount "195"]
[EventDate "2020.12.10"]
[EventType "team-swiss"]
[EventRounds "9"]
[EventCountry "THA"]
[SourceTitle "CBM 199 Extra"]
[Source "ChessBase"]
[SourceDate "2021.01.31"]
[SourceVersion "1"]
[SourceVersionDate "2021.01.31"]
[SourceQuality "1"]
[WhiteTeam "Red Knight CC"]
[BlackTeam "Big Rook Team"]
[WhiteTeamCountry "THA"]
[BlackTeamCountry "THA"]

1. e4 e6 2. d4 d5 3. e5 c5 4. c3 Nc6 5. Nf3 Bd7 6. a3 a5 7. Bd3 c4 8. Bc2 b5 9. Ng5 g6 10. Qf3 Qe7 11. h4 h6 12. g3 Bg7 13. Nh3 0-0-0 14. Nf4 Be8 15. b3 cxb3 16. Bxb3 a4 17. Bc2 Qd7 18. Nd2 Na5 19. Rb1 Qc6 20. Bd3 Qa6 21. Qe2 Nc4 22. Bc2 Ne7 23. Nd3 Qa5 24. Nb4 Kc7 25. h5 Bd7 26. Nxc4 bxc4 27. Qg4 Rdg8 28. Bd2 g5 29. 0-0 Qa7 30. Rb2 Nc6 31. Qf3 Rf8 32. Qd1 Ra8 33. Kh2 Rhg8 34. f4 gxf4 35. Bxf4 Nxb4 36. axb4 Kb6 37. Qd2 Rh8 38. Be3 Bb5 39. Ra2 Qd7 40. Rf4 Ra7 41. Rg4 Bf8 42. Qf2 Qe8 43. Rf4 Rg8 44. Bd1 Rh8 45. Qf3 Rg8 46. Rf6 Bg7 47. Rf4 Bf8 48. Rf2 Rg7 49. Rf6 Rh7 50. Qxd5 Be7 51. Qe4 Bxf6 52. d5+ Ka6 53. Rxf6 Rh8 54. Bxa7 Kxa7 55. Qd4+ Kb7 56. dxe6 fxe6 57. Bf3+ Bc6 58. Qxc4 Bxf3 59. Rxf3 Qxh5+ 60. Kg2 Qxe5 61. b5 Rd8 62. Qc6+ Kb8 63. Qb6+ Kc8 64. Qc6+ Kb8 65. Qb6+ Kc8 66. Qa6+ Kb8 67. Qb6+ Kc8 68. Qc6+ Kb8 69. c4 Rd2+ 70. Rf2 Rxf2+ 71. Kxf2 Qf5+ 72. Ke3 Qe5+ 73. Kf2 Qf5+ 74. Kg1 Qb1+ 75. Kh2 Qc2+ 76. Kh3 Qf5+ 77. g4 Qf1+ 78. Kh4 Qf6+ 79. Kg3 Qe5+ 80. Kf3 Qf6+ 81. Ke3 Qe5+ 82. Kf3 Qf6+ 83. Ke3 Qe5+ 84. Kd3 Qg3+ 85. Kc2 Qb3+ 86. Kd2 Qb2+ 87. Kd3 Qb1+ 88. Kd4 Qg1+ 89. Kc3 Qe1+ 90. Kd4 Qf2+ 91. Ke5 Qe3+ 92. Kf6 Qf4+ 93. Kxe6 Qxg4+ 94. Ke5 Qg7+ 95. Kd6 Qf6+ 96. Kd7 Qf7+ 97. Kd6 Qf6+ 98. Kd7 1/2-1/2

[Event "Bangkok Chinese New Year op"]
[Site "Bangkok"]
[Date "2020.01.25"]
[Round "4"]
[White "Arunnuntapanich, Tinnakrit"]
[Black "Habla, Jony"]
[Result "0-1"]
[WhiteElo "2046"]
[BlackElo "2221"]
[PlyCount "104"]
[EventDate "2020.01.25"]
[EventType "swiss (rapid)"]
[EventRounds "9"]
[EventCountry "THA"]
[SourceTitle "CBM 194 Extra"]
[Source "ChessBase"]
[SourceDate "2020.03.31"]
[SourceVersion "1"]
[SourceVersionDate "2020.03.31"]
[SourceQuality "1"]

1. d4 d5 2. c4 e6 3. Nf3 Nf6 4. cxd5 exd5 5. Nc3 c6 6. Bg5 h6 7. Bh4 Be7 8. e3 0-0 9. Bd3 Re8 10. 0-0 Nbd7 11. Bg3 Nh5 12. Be5 Nhf6 13. Bf4 Nh5 14. Be5 Nhf6 15. Bf4 Nf8 16. h3 Bd6 17. Bxd6 Qxd6 18. Qc2 Ne6 19. Rae1 Bd7 20. a3 Ng5 21. Ne5 Rad8 22. f4 Ne6 23. b4 Bc8 24. g4 b6 25. Qg2 Nd7 26. Bb1 Bb7 27. h4 Nef8 28. g5 a6 29. Ne2 c5 30. Ng3 Nxe5 31. fxe5 Qc6 32. Nf5 h5 33. Qf3 Rd7 34. Qxh5 Re6 35. Qg4 Bc8 36. h5 a5 37. Re2 Rc7 38. Ref2 axb4 39. axb4 Kh8 40. Qf4 Rd7 41. Rh2 Kg8 42. Rg2 Re8 43. Qg3 cxd4 44. exd4 Ba6 45. Nh6+ Kh8 46. Nxf7+ Rxf7 47. Rxf7 Qc1+ 48. Rf1 Qxf1+ 49. Kh2 Qxb1 50. Qf4 Qe4 51. Qf7 Qh4+ 52. Kg1 Rc8 0-1